000 00765nam a2200205 a 4500
999 _c4005
_d4005
001 4005
003 BD-JhCC
005 20180305122708.0
008 171120s1966 bg |||| |||| 000 0 ben d
035 _a(BD-JhCC)
040 _aBD-JhCC
_dBD-JhCC
041 _aben
082 _a910.03
_bBHU 1966
245 _aভৌগলিক পরিভাষা-কোষ /
_cকেন্দ্রীয় বাঙলা উন্নয়ন বোর্ড
260 _aঢাকা:
_bকেন্দ্রীয় বাঙলা উন্নয়ন বোর্ড
_c১৯৬৬
300 _a35 p.;
_c24 cm
650 _aTerminology of Geography
710 _aকেন্দ্রীয় বাঙলা উন্নয়ন বোর্ড
942 _2ddc
_cBK